Eastern Utah Libraries Catalog: Duchesne, Heber, Roosevelt, & Vernal

The Iliad (Record no. 260554)

MARC details
000 -LEADER
fixed length control field 01309nim a2200397Ka 4500
001 - CONTROL NUMBER
control field ocm57127324
003 - CONTROL NUMBER IDENTIFIER
control field OCoLC
005 - DATE AND TIME OF LATEST TRANSACTION
control field 20200320180520.0
007 - PHYSICAL DESCRIPTION FIXED FIELD--GENERAL INFORMATION
fixed length control field sd fungnn---e-
008 - FIXED-LENGTH DATA ELEMENTS--GENERAL INFORMATION
fixed length control field 041201s1994 mdunnn p eng d
020 ## - INTERNATIONAL STANDARD BOOK NUMBER
International Standard Book Number 1402533306
020 ## - INTERNATIONAL STANDARD BOOK NUMBER
Terms of availability 34.95
024 1# - OTHER STANDARD IDENTIFIER
Standard number or code 807897007026
028 00 - PUBLISHER NUMBER
Publisher number 00702
Source Recorded Books
040 ## - CATALOGING SOURCE
Original cataloging agency NVC
Transcribing agency NVC
Modifying agency WACOL
049 ## - LOCAL HOLDINGS (OCLC)
Holding library WACL
090 ## - LOCALLY ASSIGNED LC-TYPE CALL NUMBER (OCLC); LOCAL CALL NUMBER (OCLC)
Classification number (OCLC) (R) ; Classification number, CALL (RLIN) (NR) PA4025.A2
Local cutter number (OCLC) ; Book number/undivided call number, CALL (RLIN) F5 1994
092 ## - LOCALLY ASSIGNED DEWEY CALL NUMBER (OCLC)
Classification number CD
Item number Hom
100 0# - MAIN ENTRY--PERSONAL NAME
Personal name Homer.
9 (RLIN) 5965
240 10 - UNIFORM TITLE
Uniform title <a href="Iliad.">Iliad.</a>
Language of a work English
245 14 - TITLE STATEMENT
Title The Iliad
Medium [sound recording] /
Statement of responsibility, etc by Homer ; translated by Robert Fitzgerald.
260 ## - PUBLICATION, DISTRIBUTION, ETC. (IMPRINT)
Place of publication, distribution, etc Prince Frederick, MD :
Name of publisher, distributor, etc Recorded Books,
Date of publication, distribution, etc p1994.
300 ## - PHYSICAL DESCRIPTION
Extent 14 sound discs (16.75 hr.) :
Other physical details digital ;
Dimensions 4 3/4 in.
500 ## - GENERAL NOTE
General note Unabridged.
500 ## - GENERAL NOTE
General note Compact disc.
511 0# - PARTICIPANT OR PERFORMER NOTE
Participant or performer note Narrated by George Guidall.
650 #0 - SUBJECT ADDED ENTRY--TOPICAL TERM
Topical term or geographic name as entry element Achilles (Greek mythology)
Form subdivision Poetry.
9 (RLIN) 5827740
650 #0 - SUBJECT ADDED ENTRY--TOPICAL TERM
Topical term or geographic name as entry element Epic poetry, Greek
Form subdivision Translations into English.
9 (RLIN) 5749849
650 #0 - SUBJECT ADDED ENTRY--TOPICAL TERM
Topical term or geographic name as entry element Trojan War
Form subdivision Poetry.
9 (RLIN) 5827741
700 1# - ADDED ENTRY--PERSONAL NAME
Personal name Fitzgerald, Robert,
Dates associated with a name 1910-
9 (RLIN) 5827742
700 1# - ADDED ENTRY--PERSONAL NAME
Personal name Guidall, George.
9 (RLIN) 37324
942 ## - ADDED ENTRY ELEMENTS (KOHA)
Koha item type CD
948 ## - LOCAL PROCESSING INFORMATION (OCLC); SERIES PART DESIGNATOR (RLIN)
Series part designator, SPT (RLIN) 01/19/2005
z (OCLC) Sirsi
994 ## -
-- 02
-- WACOL
996 ## -
-- 40306
-- 34301000446718
-- cd
-- CD
-- wcl
-- i
-- 53
-- 34.95
-- .CIRCNOTE. 14 discs
-- gift
-- Hom
-- 01/19/2005
-- 10/06/2017
-- 09/14/2017
Holdings
Withdrawn status Lost status Source of classification or shelving scheme Materials specified (bound volume or other part) Damaged status Not for loan Collection code Home library Current library Shelving location Date acquired Source of acquisition Cost, normal purchase price Total Checkouts Total Renewals Full call number Barcode Date last seen Date checked out Cost, replacement price Price effective from Koha item type
    Dewey Decimal Classification .CIRCNOTE. 14 discs     Audiobooks Wasatch County Library Wasatch County Library Second Floor 01/19/2005 Donation 34.95 54 1 CD Homer 34301001809195 03/07/2024 10/12/2021 34.95 03/20/2020 Audiobook on CD
This project was made possible through a grant from the Institute of Museum and Library Service administered by the Utah State Library Division.

Wasatch County Library

  • 465 East 1200 South, Heber City, Utah 84032
  • Phone 435-654-1511 | Fax 435-654-6456

Hours

  • Monday - Friday 9:30 AM - 8:00 PM
  • Saturday 9:30 AM - 1:30 PM
  • Closed Sundays and Holidays